|
|
|
|
| LEADER |
00829ncm a2200205 a 4500 |
| 001 |
000587397 |
| 003 |
CZ BrMZK |
| 005 |
20020215111801.0 |
| 008 |
020215s1958 xr f cze d |
| 040 |
|
|
|a BOA001
|b cze
|c BOA001
|
| 041 |
0 |
|
|a cze
|a ger
|
| 100 |
1 |
|
|a Langer, Adolf,
|d 1910-1986
|7 jk01071514
|4 cmp
|
| 245 |
1 |
0 |
|a Stupnice a akordy
|h [hudebnina] :
|b methodická cvičení všech durových a mollových stupnic, trojzvuků a dominantních septakordů na obou tastaturách pianové harmoniky /
|c Adolf Langer
|
| 250 |
|
|
|a 1. vyd.
|
| 260 |
|
|
|a Praha :
|b Státní nakladatelství krásné literatury, hudby a umění,
|c 1958
|
| 300 |
|
|
|a 58 s.
|
| 910 |
|
|
|a BOA001
|b PK-N-0003.628
|
| 964 |
|
|
|a Harmonika pianová - školy
|
| 990 |
|
|
|a MU
|
| 996 |
7 |
|
|b 3119655185
|c PK-N-0003.628
|l MZK
|r Sklad / do 1 hodiny
|n 1
|w 000587397
|u 000010
|a 1
|e BOA001
|j MZK50
|s A
|